00277nam a22000977a 4500003000400000082001400004100003300018245006300051260005700114300000800171SGT a301bL24P aपंकज, अशोक  aलोहिया के सपनो का भारत bलोकभारती प्रकाशनc2024 a199